[Event "Festival Juan Martinez Sola 2018 Liga"]
[Site "Almeria (Spain) ESP"]
[Date "2018.11.04"]
[Round "8"]
[White "Frej, Zofia"]
[Black "Represa Perez, Mireya"]
[Result "0-1"]
[BlackElo "2173"]
[BlackFideId "32010036"]
[EventDate "2018.11.01"]
[PlyCount "0"]
[WhiteElo "1965"]
[WhiteFideId "1172670"]

1. e4 { [%clk 1:30:50]}  1... c5 { [%clk 1:30:55]}  2. Nf3 { [%clk 1:31:15]} 
2... d6 { [%clk 1:31:20]}  3. d4 { [%clk 1:31:34]}  3... cxd4 { [%clk 1:31:44]}
 4. Nxd4 { [%clk 1:31:59]}  4... Nf6 { [%clk 1:32:04]}  5. Nc3 { [%clk
1:32:23]}  5... a6 { [%clk 1:32:29]}  6. Bc4 { [%clk 1:32:43]}  6... e6 { [%clk
1:32:42]}  7. a3 { [%clk 1:33:05]}  7... Be7 { [%clk 1:32:08]}  8. Be3 { [%clk
1:32:02]}  8... O-O { [%clk 1:29:12]}  9. O-O { [%clk 1:31:47]}  9... b5 {
[%clk 1:27:53]}  10. Bb3 { [%clk 1:31:02]}  10... Bb7 { [%clk 1:26:37]}  11.
Bxe6 { [%clk 1:26:58]}  11... fxe6 { [%clk 1:24:24]}  12. Nxe6 { [%clk
1:27:10]}  12... Qc8 { [%clk 1:21:21]}  13. Nxf8 { [%clk 1:27:28]}  13... Bxf8
{ [%clk 1:20:44]}  14. f3 { [%clk 1:19:54]}  14... Qe6 { [%clk 1:19:10]}  15.
Qd2 { [%clk 1:17:51]}  15... Nbd7 { [%clk 1:16:57]}  16. Rad1 { [%clk 1:15:35]}
 16... Qf7 { [%clk 1:05:43]}  17. a4 { [%clk 1:11:46]}  17... b4 { [%clk
0:59:31]}  18. Nd5 { [%clk 1:11:12]}  18... Nxd5 { [%clk 0:57:38]}  19. exd5 {
[%clk 1:11:36]}  19... a5 { [%clk 0:57:27]}  20. c4 { [%clk 1:09:55]}  20...
bxc3 { [%clk 0:56:38]}  21. bxc3 { [%clk 1:05:34]}  21... Ba6 { [%clk 0:50:34]}
 22. Rfe1 { [%clk 1:05:54]}  22... Bc4 { [%clk 0:50:12]}  23. Qd4 { [%clk
1:06:07]}  23... Bb3 { [%clk 0:48:37]}  24. Rd2 { [%clk 0:59:28]}  24... Nf6 {
[%clk 0:33:47]}  25. c4 { [%clk 0:48:28]}  25... Bxa4 { [%clk 0:31:24]}  26.
Rb2 { [%clk 0:48:50]}  26... Be8 { [%clk 0:29:10]}  27. Reb1 { [%clk 0:47:59]} 
27... Nd7 { [%clk 0:20:15]}  28. Rb7 { [%clk 0:42:54]}  28... Qg6 { [%clk
0:20:06]}  29. Qe4 { [%clk 0:38:58]}  29... Qxe4 { [%clk 0:15:31]}  30. fxe4 {
[%clk 0:39:22]}  30... Rc8 { [%clk 0:14:30]}  31. Ra1 { [%clk 0:34:39]}  31...
a4 { [%clk 0:12:40]}  32. c5 { [%clk 0:34:39]}  32... dxc5 { [%clk 0:07:22]} 
33. Rxa4 { [%clk 0:33:04]}  33... c4 { [%clk 0:06:29]}  34. Raa7 { [%clk
0:31:33]}  34... Ne5 { [%clk 0:04:33]}  35. Rc7 { [%clk 0:20:46]}  35... Rxc7 {
[%clk 0:02:28]}  36. Rxc7 { [%clk 0:21:07]}  36... Bd6 { [%clk 0:02:03]}  37.
Rc8 { [%clk 0:19:52]}  37... Kf7 { [%clk 0:00:59]}  38. Bd4 { [%clk 0:19:56]} 
38... Bb5 { [%clk 0:00:54]}  39. Bc5 { [%clk 0:16:46]}  39... Ke7 { [%clk
0:00:51]}  40. Bd4 { [%clk 0:14:37]}  40... g6 { [%clk 0:00:47]}  41. Bc3 {
[%clk 0:12:15]}  41... Bd7 { [%clk 0:00:46]}  42. Ra8 { [%clk 0:11:03]}  42...
Bc5+ { [%clk 0:00:54]}  43. Kf1 { [%clk 0:11:25]}  43... Ng4 { [%clk 0:01:08]} 
44. Ke2 { [%clk 0:10:33]}  44... Nf6 45. d6+ { [%clk 0:08:57]}  45... Kf7 {
[%clk 0:00:42]}  46. Bxf6 Kxf6 47. Kd2 { [%clk 0:05:04]}  47... Bxd6 { [%clk
0:01:23]}  48. Ra6 { [%clk 0:03:48]}  48... Ke5 { [%clk 0:00:55]}  49. Kc3 {
[%clk 0:04:12]}  49... Bg4 { [%clk 0:01:02]}  50. Ra7 { [%clk 0:00:57]}  50...
Kxe4 { [%clk 0:00:40]}  51. Kxc4 { [%clk 0:01:11]}  51... h5 { [%clk 0:00:44]} 
52. h3 { [%clk 0:00:45]}  52... Be2+ { [%clk 0:00:45]}  53. Kc3 { [%clk
0:01:03]}  53... Be5+ { [%clk 0:01:00]}  54. Kd2 { [%clk 0:01:28]}  54... Bf1 {
[%clk 0:01:07]}  55. Ra4+ { [%clk 0:01:36]}  55... Bd4 { [%clk 0:01:14]}  56.
g4 { [%clk 0:01:01]}  56... Bxh3 { [%clk 0:01:20]}  57. gxh5 { [%clk 0:01:20]} 
57... gxh5 { [%clk 0:01:46]}  58. Ke2 { [%clk 0:01:19]}  58... h4 { [%clk
0:01:21]}  59. Ra8 { [%clk 0:01:01]}  59... Bg2 { [%clk 0:01:21]}  60. Re8+ {
[%clk 0:01:17]}  60... Kf5 { [%clk 0:01:13]}  61. Rd8 { [%clk 0:01:05]}  61...
Bb6 { [%clk 0:00:52]}  62. Rb8 { [%clk 0:01:11]}  62... Ba7 { [%clk 0:00:48]} 
63. Rb5+ { [%clk 0:01:02]}  63... Ke6 { [%clk 0:00:49]}  64. Ra5 { [%clk
0:01:21]}  64... Bg1 { [%clk 0:00:42]}  65. Ra1 { [%clk 0:01:47]}  65... Bc5 {
[%clk 0:01:02]}  66. Ra6+ { [%clk 0:00:51]}  66... Kd5 { [%clk 0:01:26]}  67.
Rh6 { [%clk 0:01:14]}  67... h3 { [%clk 0:01:45]}  68. Rh5+ { [%clk 0:01:36]} 
68... Kd6 { [%clk 0:02:05]}  69. Rh6+ { [%clk 0:01:28]}  69... Ke7 { [%clk
0:02:31]}  70. Rh5 { [%clk 0:01:31]}  70... Bg1 { [%clk 0:02:42]}  71. Kd3 {
[%clk 0:01:46]}  71... h2 { [%clk 0:02:54]}  72. Rxh2 { [%clk 0:02:09]}  72...
Bxh2 { [%clk 0:03:20]}  73. Kd4 { [%clk 0:02:37]}  73... Ke6 { [%clk 0:03:30]} 
74. Kc4 { [%clk 0:02:47]}  74... Bg1 { [%clk 0:03:47]}  75. Kd3 { [%clk
0:02:59]}  75... Ke5 { [%clk 0:04:00]}   0-1

[Event "Festival Juan Martinez Sola 2018 Liga"]
[Site "Almeria (Spain) ESP"]
[Date "2018.11.04"]
[Round "8"]
[White "Mader, Manuela"]
[Black "Vardi, Shlomit"]
[Result "1-0"]
[BlackElo "1904"]
[BlackFideId "2801442"]
[EventDate "2018.11.01"]
[PlyCount "0"]
[WhiteElo "2200"]
[WhiteFideId "24612928"]

1. e4 g6 2. d4 Bg7 3. Nc3 d6 4. f4 Nf6 5. Nf3 O-O 6. e5 Nfd7 7. h4 c5 8. e6 fxe6
9. h5 cxd4 10. Nxd4 Qa5 11. hxg6 h6 12. Rh5 Qb4 13. Nxe6 Bxc3+ 14. bxc3 Qe4+
15. Qe2 Qxe2+ 16. Bxe2 Nf6 17. Nc7 Nxh5 18. Bxh5 Na6 19. Nxa8 Bd7 20. Bf3 Bc6
21. Bxc6 bxc6 22. Rb1 Rxa8 23. Rb7 Kg7 24. Rxe7+ Kxg6 25. Re6+ Kg7 26. Rxd6
Re8+ 27. Kf2 Nb8 28. Be3 Re7 29. f5  1-0

[Event "Festival Juan Martinez Sola 2018 Liga"]
[Site "Almeria (Spain) ESP"]
[Date "2018.11.04"]
[Round "8"]
[White "Jimenez Fernandez, Rebeca"]
[Black "Redondo Benavente, Ana"]
[Result "1-0"]
[BlackElo "2055"]
[BlackFideId "32021674"]
[EventDate "2018.11.01"]
[PlyCount "0"]
[WhiteElo "1971"]
[WhiteFideId "32070934"]

1. e4 { [%clk 1:30:59]}  1... e5 { [%clk 1:30:56]}  2. Nf3 { [%clk 1:31:24]} 
2... Nc6 { [%clk 1:31:23]}  3. Bb5 { [%clk 1:31:48]}  3... Nf6 { [%clk
1:31:49]}  4. O-O { [%clk 1:32:06]}  4... Nxe4 { [%clk 1:32:14]}  5. Re1 {
[%clk 1:31:36]}  5... Nd6 { [%clk 1:32:39]}  6. Bxc6 { [%clk 1:27:18]}  6...
dxc6 { [%clk 1:33:03]}  7. Nxe5 { [%clk 1:27:43]}  7... Be7 { [%clk 1:33:18]} 
8. d4 { [%clk 1:27:52]}  8... O-O { [%clk 1:33:10]}  9. b3 { [%clk 1:27:13]} 
9... Nf5 { [%clk 1:30:32]}  10. Bb2 { [%clk 1:27:16]}  10... Be6 { [%clk
1:29:40]}  11. Qd3 { [%clk 1:24:31]}  11... Nh4 { [%clk 1:27:10]}  12. c4 {
[%clk 1:20:03]}  12... Ng6 { [%clk 1:25:08]}  13. Qe3 { [%clk 1:14:51]}  13...
Re8 { [%clk 1:19:33]}  14. Nd2 { [%clk 1:10:22]}  14... Bg5 { [%clk 1:17:34]} 
15. Qd3 { [%clk 1:05:09]}  15... Nxe5 { [%clk 1:10:49]}  16. Rxe5 { [%clk
1:05:29]}  16... Bf6 { [%clk 1:08:46]}  17. Re3 { [%clk 1:03:51]}  17... c5 {
[%clk 1:02:49]}  18. Nf3 { [%clk 1:02:52]}  18... Qd6 { [%clk 1:02:27]}  19.
Rd1 { [%clk 0:59:46]}  19... Rad8 { [%clk 1:00:02]}  20. Ba3 { [%clk 0:51:41]} 
20... Qa6 { [%clk 0:56:20]}  21. Bxc5 { [%clk 0:47:25]}  21... b6 { [%clk
0:56:43]}  22. Bb4 { [%clk 0:46:48]}  22... c5 { [%clk 0:53:25]}  23. Bc3 {
[%clk 0:46:40]}  23... cxd4 { [%clk 0:36:40]}  24. Nxd4 { [%clk 0:41:54]} 
24... Bxd4 { [%clk 0:34:57]}  25. Bxd4 { [%clk 0:42:11]}  25... Qxa2 { [%clk
0:34:58]}  26. Qc3 { [%clk 0:30:20]}  26... Qa5 { [%clk 0:25:56]}  27. Qb2 {
[%clk 0:23:45]}  27... f6 { [%clk 0:19:49]}  28. Ra1 { [%clk 0:23:30]}  28...
Qh5 { [%clk 0:20:17]}  29. Rg3 { [%clk 0:17:08]}  29... Bf5 { [%clk 0:18:22]} 
30. h3 { [%clk 0:15:51]}  30... Re2 { [%clk 0:17:43]}  31. Qc3 { [%clk
0:15:19]}  31... Rc2 { [%clk 0:16:20]}  32. Qe3 { [%clk 0:13:30]}  32... Bg6 {
[%clk 0:15:24]}  33. Qe6+ { [%clk 0:07:06]}  33... Kh8 { [%clk 0:11:15]}  34.
Qe7 { [%clk 0:06:06]}  34... Re8 { [%clk 0:10:38]}  35. Qxa7 { [%clk 0:06:03]} 
35... b5 { [%clk 0:10:43]}  36. c5 { [%clk 0:05:47]}  36... Qf5 { [%clk
0:09:20]}  37. Qb7 { [%clk 0:04:57]}  37... Qf4 { [%clk 0:07:33]}  38. Ra8 {
[%clk 0:02:39]}  38... Re2 { [%clk 0:01:33]}  39. Rxe8+ { [%clk 0:02:14]} 
39... Rxe8 { [%clk 0:01:56]}  40. Be3 { [%clk 0:01:45]}  40... Qb4 { [%clk
0:00:42]}  41. Qd5 { [%clk 0:01:29]}  41... Qe4 { [%clk 0:00:36]}  42. Qxe4 {
[%clk 0:00:39]}  42... Rxe4 { [%clk 0:01:05]}  43. c6 { [%clk 0:00:56]}  43...
Bf5 { [%clk 0:00:41]}  44. Bb6 { [%clk 0:00:49]}  44... Re1+ { [%clk 0:00:54]} 
45. Kh2 { [%clk 0:01:14]}  45... Re6 { [%clk 0:00:45]}  46. Rc3 { [%clk
0:01:32]}  46... h5 { [%clk 0:00:45]}  47. Ba5 { [%clk 0:01:46]}  47... g6 {
[%clk 0:00:36]}  48. Rc5 { [%clk 0:02:03]}  48... Re5 { [%clk 0:00:38]}  49.
Rc3 { [%clk 0:02:02]}  49... Kg7 { [%clk 0:00:46]}  50. c7 { [%clk 0:01:53]} 
50... Bc8 { [%clk 0:01:09]}  51. Bb4 { [%clk 0:01:36]}  51... Re4 { [%clk
0:01:10]}  52. Bc5 { [%clk 0:01:31]}  52... Kf7 { [%clk 0:01:22]}  53. Rd3 {
[%clk 0:01:31]}  53... Re5 { [%clk 0:01:22]}  54. Ba3 { [%clk 0:01:36]}  54...
Re4 { [%clk 0:00:40]}  55. Rd8 { [%clk 0:01:31]}  55... Re8 { [%clk 0:01:09]} 
56. Kg3 { [%clk 0:01:18]}  56... g5 { [%clk 0:01:24]}  57. f3 { [%clk 0:01:04]}
 57... f5 { [%clk 0:01:13]}  58. Rd5 { [%clk 0:01:18]}  58... Re2 { [%clk
0:00:43]}  59. Rxb5 { [%clk 0:01:09]}  59... h4+ { [%clk 0:00:46]}  60. Kh2 {
[%clk 0:01:34]}  60... Ke6 { [%clk 0:00:54]}  61. Bf8 { [%clk 0:01:15]}  61...
Kd7 62. Rc5 { [%clk 0:01:22]}  62... Ke8 { [%clk 0:00:59]}  63. Bh6 { [%clk
0:01:19]}  63... g4 { [%clk 0:01:27]}  64. hxg4 { [%clk 0:00:52]}  64... fxg4 {
[%clk 0:01:46]}  65. fxg4 { [%clk 0:00:55]}  65... Rb2 { [%clk 0:02:07]}  66.
Rc3 { [%clk 0:01:09]}  66... Kd7 { [%clk 0:01:59]}  67. g5 { [%clk 0:00:59]} 
67... Bb7 { [%clk 0:02:28]}  68. Kh3 { [%clk 0:00:51]}  68... Bxg2+ { [%clk
0:02:29]}  69. Kxh4 { [%clk 0:01:13]}  69... Kc8 { [%clk 0:02:48]}  70. g6 {
[%clk 0:01:25]}  70... Bd5 { [%clk 0:02:25]}  71. g7 { [%clk 0:00:49]}  71...
Rxb3 72. Rxb3 { [%clk 0:01:03]}  72... Bxb3 { [%clk 0:02:50]}  73. Bf4 { [%clk
0:01:26]}  73... Kd7 { [%clk 0:03:00]}  74. Kg5 { [%clk 0:01:49]}  74... Bd5 {
[%clk 0:02:26]}  75. Be5 { [%clk 0:01:53]}  75... Bc4 { [%clk 0:02:46]}  76.
Kf4 { [%clk 0:02:03]}  76... Bd5 { [%clk 0:03:06]}  77. Ke3 { [%clk 0:02:25]} 
77... Be6 { [%clk 0:03:15]}  78. Kd4 { [%clk 0:02:38]}  78... Bb3 { [%clk
0:03:03]}  79. Kc5 { [%clk 0:02:57]}  79... Bf7 { [%clk 0:03:30]}  80. Kb6 {
[%clk 0:03:04]}  80... Kc8 { [%clk 0:02:15]}  81. Kc6 { [%clk 0:03:16]}  81...
Be8+ { [%clk 0:02:26]}  82. Kd6 { [%clk 0:03:39]}  82... Bf7 { [%clk 0:02:49]} 
83. Ke7 { [%clk 0:04:02]}  83... Bd5 { [%clk 0:03:14]}  84. Kf8 { [%clk
0:04:15]}  84... Kd7 { [%clk 0:03:36]}  85. g8=Q { [%clk 0:04:30]}  85... Bxg8
{ [%clk 0:04:04]}  86. Kxg8 { [%clk 0:04:53]}  86... Kc8 { [%clk 0:04:29]}  87.
Kf7 { [%clk 0:05:15]}  87... Kd7 { [%clk 0:04:50]}  88. Bg3 { [%clk 0:05:40]} 
88... Kc8 { [%clk 0:05:15]}  89. Ke7 { [%clk 0:06:01]}  89... Kb7 { [%clk
0:05:42]}  90. Kd8 { [%clk 0:06:22]}  90... Ka7 { [%clk 0:06:06]}  91. Bf2+ {
[%clk 0:06:19]}  91... Ka6 { [%clk 0:06:19]}  92. c8=Q+ { [%clk 0:06:42]}   1-0

[Event "Festival Juan Martinez Sola 2018 Liga"]
[Site "Almeria (Spain) ESP"]
[Date "2018.11.05"]
[Round "9"]
[White "Redondo Benavente, Ana"]
[Black "Mariano-Wagman, Cristine Rose"]
[Result "1-0"]
[BlackElo "1906"]
[BlackFideId "5201071"]
[EventDate "2018.11.01"]
[PlyCount "0"]
[WhiteElo "2055"]
[WhiteFideId "32021674"]

1. e4 d5 2. exd5 Qxd5 3. Nf3 Bg4 4. Be2 Nf6 5. d4 Nc6 6. h3 Bxf3 7. Bxf3 Qf5 8.
c3 O-O-O 9. O-O e5 10. Bxc6 bxc6 11. Qa4 Kb7 12. Be3 Nd5 13. Nd2 Nb6 14. Qb3
Ka8 15. a4 Rb8 16. a5 Nd5 17. Qa4 Qg6 18. Nc4 exd4 19. Ne5 Qe6 20. Bxd4 c5 21.
Nd7 cxd4 22. Nxb8 Kxb8 23. Rfe1 Ne3 24. cxd4 Qc4 25. Rxe3 Qxa4 26. Rxa4  1-0

[Event "Festival Juan Martinez Sola 2018 Liga"]
[Site "Almeria (Spain) ESP"]
[Date "2018.11.05"]
[Round "9"]
[White "Lach, Aleksandra"]
[Black "Jimenez Fernandez, Rebeca"]
[Result "1-0"]
[BlackElo "1971"]
[BlackFideId "32070934"]
[EventDate "2018.11.01"]
[PlyCount "0"]
[WhiteElo "2209"]
[WhiteFideId "1134299"]

1. e4 { [%clk 1:30:50]}  1... g6 { [%clk 1:30:56]}  2. d4 { [%clk 1:30:50]} 
2... Bg7 { [%clk 1:31:20]}  3. Nf3 { [%clk 1:30:49]}  3... d6 { [%clk 1:31:41]}
 4. c4 { [%clk 1:30:51]}  4... Nf6 { [%clk 1:31:55]}  5. Nc3 { [%clk 1:28:01]} 
5... O-O { [%clk 1:32:11]}  6. Be2 { [%clk 1:27:23]}  6... e5 { [%clk 1:31:41]}
 7. dxe5 { [%clk 1:21:21]}  7... dxe5 { [%clk 1:32:03]}  8. Qxd8 { [%clk
1:21:30]}  8... Rxd8 { [%clk 1:32:26]}  9. Bg5 { [%clk 1:21:49]}  9... Nbd7 10.
Rd1 b6 11. Nd5 Bb7 12. Nxc7 Rac8 13. Nd5 Re8 14. Nxf6+ Nxf6 15. Bxf6 Bxf6 16.
Bd3 Red8 17. b3 Rd6 18. Bb1 Rxd1+ 19. Kxd1 Bg7 20. Ne1 Rd8+ 21. Ke2 Ba6 22. Bd3
Bf8 23. f3 f6 24. Nc2 Kf7 25. Ne3 Bc5 26. Nd5 Ke6 27. g4 h6 28. h4 Rh8 29. h5
g5 30. b4 Bd6 31. Rc1 Rc8 32. a3  1-0

[Event "Festival Juan Martinez Sola 2018 Liga"]
[Site "Almeria (Spain) ESP"]
[Date "2018.11.05"]
[Round "9"]
[White "Vardi, Shlomit"]
[Black "Alvarez Morales, Miguel"]
[Result "1-0"]
[BlackElo "2003"]
[BlackFideId "2278154"]
[EventDate "2018.11.01"]
[PlyCount "0"]
[WhiteElo "1904"]
[WhiteFideId "2801442"]

1. e4 c5 2. Nc3 e6 3. Nge2 a6 4. g3 Nc6 5. Bg2 Nf6 6. O-O Be7 7. d3 d5 8. exd5
exd5 9. Nf4 d4 10. Ncd5 Nxd5 11. Nxd5 Be6 12. Nxe7 Qxe7 13. Re1 Qd7 14. a3 O-O
15. Qh5 b6 16. Bf4 Rae8 17. Be4 f5 18. Bg2 Ne7 19. Be5 Ng6 20. f4 Bd5 21. Qh3
Bxg2 22. Qxg2 Nxe5 23. Rxe5 Rxe5 24. fxe5 Re8 25. Re1 b5 26. h3 h6 27. g4 fxg4
28. hxg4 Qe6 29. Qe4 Kh8 30. Re2 a5 31. g5 h5 32. g6 Kg8 33. Kh2  1-0

[Event "Festival Juan Martinez Sola 2018 Liga"]
[Site "Almeria (Spain) ESP"]
[Date "2018.11.05"]
[Round "9"]
[White "Represa Perez, Mireya"]
[Black "Mader, Manuela"]
[Result "1/2-1/2"]
[BlackElo "2200"]
[BlackFideId "24612928"]
[EventDate "2018.11.01"]
[PlyCount "0"]
[WhiteElo "2173"]
[WhiteFideId "32010036"]

1. e4 { [%clk 1:30:59]}  1... c6 { [%clk 1:30:56]}  2. d4 { [%clk 1:31:11]} 
2... d5 { [%clk 1:31:20]}  3. exd5 { [%clk 1:31:34]}  3... cxd5 { [%clk
1:31:45]}  4. Bd3 { [%clk 1:31:54]}  4... Nc6 { [%clk 1:31:48]}  5. c3 { [%clk
1:30:58]}  5... e5 { [%clk 1:28:44]}  6. dxe5 { [%clk 1:27:22]}  6... Nxe5 {
[%clk 1:29:07]}  7. h3 { [%clk 1:25:33]}  7... Nf6 { [%clk 1:24:49]}  8. Nf3 {
[%clk 1:23:43]}  8... Nxd3+ { [%clk 1:24:21]}  9. Qxd3 { [%clk 1:24:04]}  9...
Bd6 { [%clk 1:23:05]}  10. O-O { [%clk 1:23:45]}  10... O-O { [%clk 1:23:25]} 
11. Be3 { [%clk 1:19:46]}  11... h6 { [%clk 1:19:00]}  12. Nbd2 { [%clk
1:19:52]}  12... Be6 { [%clk 1:17:55]}  13. Rae1 { [%clk 1:19:00]}  13... Re8 {
[%clk 1:16:59]}  14. Bd4 { [%clk 1:16:03]}  14... Rc8 { [%clk 1:14:18]}  15.
Be5 { [%clk 1:15:32]}  15... Bxe5 { [%clk 1:13:17]}  16. Rxe5 { [%clk 1:15:14]}
 16... Qb6 { [%clk 1:12:34]}  17. Nb3 { [%clk 1:15:24]}  17... Ne4 { [%clk
1:12:18]}  18. Nfd4 { [%clk 1:14:09]}  18... Qd6 { [%clk 1:11:55]}  19. Nf3 {
[%clk 1:14:25]}  19... Qb6 { [%clk 1:12:17]}  20. Nfd4 { [%clk 1:12:13]}  20...
Qd6 { [%clk 1:11:50]}  21. Nf3 { [%clk 1:12:13]}   1/2-1/2

[Event "Festival Juan Martinez Sola 2018 Liga"]
[Site "Almeria (Spain) ESP"]
[Date "2018.11.05"]
[Round "9"]
[White "Garcia Porlan, Beatriz"]
[Black "Frej, Zofia"]
[Result "1-0"]
[BlackElo "1965"]
[BlackFideId "1172670"]
[EventDate "2018.11.01"]
[PlyCount "0"]
[WhiteElo "2076"]
[WhiteFideId "2244500"]

1. e4 e6 2. d4 d5 3. Nc3 dxe4 4. Nxe4 Nd7 5. Nf3 Ngf6 6. Nxf6+ Nxf6 7. Bd3 c5 8.
O-O Bd7 9. dxc5 Bxc5 10. Ne5 Bc6 11. Nxc6 bxc6 12. Qe2 Qb6 13. a3 O-O 14. b4
Bd4 15. Rb1 Rfd8 16. Bd2 Nd5 17. Rb3 g6 18. c4 Ne7 19. Bg5 Rd7 20. Be4 Rad8 21.
h4 f6 22. Bc1 e5 23. h5 f5 24. Bc2 e4 25. Bg5 Kg7 26. h6+ Kf8 27. Rg3  1-0